Voyages of discovery : the archaeology of islands /

Bibliographic Details
Other Authors: Fitzpatrick, Scott M.
Format: Libro
Language:English
Published: Westport, Connecticut Praeger 2004
Edition:1a.ed.
Subjects:
Online Access:

MARC

LEADER 00000cam a2200000 a 4500
001 022027
003 UAHC_CL
005 20170803122049.0
008 050601b xx j 000 1 eng
020 |a 0275979474 
040 |a UAHC_CL  |c UAHC_CL  |d UAHC_CL 
245 1 0 |a Voyages of discovery :  |b the archaeology of islands /  |c edited by Scott M. Fitzpatrick. 
250 |a 1a.ed. 
260 |b Praeger  |a Westport, Connecticut  |c 2004 
300 |a 309 p. 
521 |a Nucleo investigación de la realidad insular 
521 |a Nucleo antropología de las islas 
650 4 |a HOMBRE PREHISTORICO 
650 4 |a ECOLOGIA 
650 4 |a ISLAS  |x HISTORIA 
653 |a ANTROPOLOGIA 
658 |a Seelenfreund, Andrea 
700 1 |a Fitzpatrick, Scott M. 
900 |a 909.0942 VOY 
942 |c BK 
952 |0 0  |1 0  |4 0  |6 909_094200000000000_VOY  |7 0  |8 General  |9 43691  |a BC  |b BC  |c General  |d 2017-08-03  |l 0  |o 909.0942 VOY  |p 1392610  |r 2026-01-13 00:00:00  |t 2  |w 2017-08-03  |y BK 
999 |c 22027  |d 22027